MESTSKÁ KNIŽNICA GIRALTOVCE  - online katalóg 

Postrehy a názory (Record no. 15114)

000 -NÁVESTIE
fixed length control field 00701nam a2200229 a 4500
008 - ÚDAJE S PEVNOU DĹŽKOU – VŠEOBECNÉ INFORMÁCIE
fixed length control field 960129s1965||||[C 0 slo c
040 ## - ZDROJ KATALOGIZÁCIE
Pôvodná katalogizujúca agentúra SNK
Jazyk katalogizácie slo
Prepisujúca agentúra SNK
Konvencie popisu AACR2
041 1# - KÓD JAZYKA
Kód jazyka textu/zvukovej stopy alebo samostatných nápisov slo
044 ## - KÓD KRAJINY VYDAVATEĽA/PRODUCENTA
Kód krajiny MARC xo
Kód krajiny ISO SK
080 ## - ČÍSLO MEDZINÁRODNÉHO DESATINNÉHO TRIEDENIA (MDT)
Číslo Medzinárodného desatinného triedenia (MDT) 781+78(091)+784.4
020 ## - MEDZINÁRODNÉ ŠTANDARDNÉ ČÍSLO KNIHY (ISBN)
Údaje o dostupnosti 22
100 1# - OSOBNÉ MENÁ – VŠEOBECNÉ INFORMÁCIE
Osobné meno Bartók, Béla
Kód roly aut
245 10 - NÁZOV
Názov Postrehy a názory
Údaj o zodpovednosti atď. Béla Bartók ; Výber zost. Oskár Elschek ; Prel. Eva Hykischová
250 ## - ÚDAJ O PORADÍ VYDANIA
Údaj o poradí vydania 1. vyd.
260 ## - VYDAVATEĽSKÉ ÚDAJE, DISTRIBÚCIA ATĎ.
Miesto publikovania, distribúcie atď. Bratislava
Názov vydavateľa, distibútora atď. ŠHV
Dátum publikovania, distribúcie atď. 1965
Miesto výroby Trnava
Výrobca Polygraf. záv.
300 ## - FYZICKÝ POPIS
Rozsah 218, [16] s.
Rozmery
490 0# - EDÍCIA
Edícia Edícia hudobnej literatúry
Zväzok/sekvenčné označenie zv. 38.
700 1# - PRIDANÝ VSTUP – OSOBNÉ MENO
Osobné meno Elschek, Oskár
Kód roly com
700 1# - PRIDANÝ VSTUP – OSOBNÉ MENO
Osobné meno Hykischová, Eva
Kód roly trl
765 0# - VÄZBA NA PÔVODNÝ JAZYK
Názov Bartók Béla válogatott irássai
958 ## - Formálny deskriptor
Formálny deskriptor A
Holdings
Stav stiahnutia (Blokovanie) (Withrawn status) Stav straty Stav poškodenia (Damaged status) Nie pre výpožičky (Not for loan) Spôsob nadobudnutia (Collection code) Trvalé umiestnenie Aktuálne umiestnenie Dátum nadobudnutia Náklady, bežná kúpna cena Inventárne číslo (prírastkové číslo) Full call number Dátum posledného výskytu Cena s účinnosťou od Typ jednotky Koha
        Kúpa Mestská knižnica Giraltovce Mestská knižnica Giraltovce 2019-11-29 22.00 14151 I 0222 2019-11-29 2019-11-29 Odborná literatúra pre dospelých

Powered by Koha